| 000 | 00365nam a2200157Ia 4500 | ||
|---|---|---|---|
| 008 | 221030s9999 xx 000 0 und d | ||
| 020 | _a0063505436 | ||
| 041 | _aEnglish | ||
| 082 |
_a105.23 _bNef |
||
| 100 | _aH. P. Neff | ||
| 245 | 0 | _aBasic Electromagnetic Fields | |
| 260 |
_bHarper & Row Pub _aNew York _c1987 |
||
| 300 | _a616 | ||
| 650 | _aEMT | ||
| 942 | _cBK | ||
| 999 |
_c1548 _d1548 |
||